|
|
|
|
| LEADER |
02788nam a2200565 i 4500 |
| 001 |
mzk03001263995 |
| 003 |
CZ BrMZK |
| 005 |
20191219101535.0 |
| 007 |
ta |
| 008 |
190821s1759 xr fr|||||00| ||latod |
| 040 |
|
|
|a BOA001
|b cze
|e rda
|
| 072 |
|
7 |
|a 51
|x Matematika
|2 Konspekt
|9 13
|
| 072 |
|
7 |
|a 094
|x Staré tisky
|2 Konspekt
|9 12
|
| 080 |
|
|
|a 51
|2 MRF
|
| 080 |
|
|
|a 025.171
|2 MRF
|
| 080 |
|
|
|a (0.068)094
|2 MRF
|
| 100 |
1 |
|
|a Dvořák z Boru, Jan Nepomuk Václav,
|d činný 18. století
|7 xx0112832
|4 aut
|
| 245 |
1 |
0 |
|a Positiones ex vniversa philosophia, qvas svb rectoratv nobilis ac clarissimi viri domini Joannis Nepomvceni Dworzak de Boor, J. V. D. in Alma caesareo-regia Carolo-Ferdinandea Pragensi pandectarvm, et jvris criminalis professoris regii, pvblici, ac ordinarii, reverendissimi consistorii archiepiscopalis assesoris, Regni Bohemiae procvratoris, nec Non ejvsdem vniversitatis p.t. rectoris magnifici
|
| 246 |
3 |
3 |
|a Positiones ex universa philosophia, quas sub rectoratu nobilis ac clarissimi viri domini Joannis Nepomuceni Dworzak de Boor
|
| 264 |
|
1 |
|a Pragae :
|b Typis Academicis, per Joannem Georgivm Schneider Factorem,
|c 1759
|
| 300 |
|
|
|a 26, 44 stran ;
|c 8°
|
| 336 |
|
|
|a text
|b txt
|2 rdacontent
|
| 337 |
|
|
|a bez média
|b n
|2 rdamedia
|
| 338 |
|
|
|a svazek
|b nc
|2 rdacarrier
|
| 500 |
|
|
|a Výzdoba: Nad impresem ozdobná linka, typografické ozdůbky v záhlaví u paginace, vlys, klišé, viněty
|
| 500 |
|
|
|a Rozsah: 26, 44 s.
|
| 500 |
|
|
|a Titulní list tištěn majuskulou
|
| 561 |
|
|
|a Provenience: [m.p.] F: Anselmi Vrtica O:S:B:
|
| 561 |
|
|
|a Provenience: [m.p.] Nunc Monasterii Braunensis O. S. B.
|
| 561 |
|
|
|a Provenience: [razítko] S.A.B. BRAUNAU
|
| 563 |
|
|
|a Papírová vazba, papírové desky ze stříkaného papíru
|
| 650 |
|
7 |
|a matematika
|7 ph117231
|2 czenas
|
| 650 |
|
7 |
|a historické knihovní fondy
|7 ph172933
|2 czenas
|
| 655 |
|
7 |
|a staré tisky
|7 fd422076
|2 czenas
|
| 700 |
1 |
|
|a Czecinger de Pirnitz, Stephanus
|4 cns
|
| 700 |
1 |
|
|a Boll, Antonín,
|d 1721-1792
|7 jk01012596
|4 oth
|
| 700 |
1 |
|
|a Schmidt, Stephan
|4 oth
|
| 700 |
1 |
|
|a Stepling, Josef,
|d 1716-1778
|7 jk01121150
|4 oth
|
| 740 |
0 |
2 |
|a Miscellanea philosophica avtore Josepho Stepling e Sociate Jesv. caesareo-regio philosophiae, et artivm directore in vniversitate pragensi
|
| 856 |
4 |
2 |
|u http://books.google.cz/books?vid=NKP:1002303180&printsec=frontcover
|y Digitalizovaný dokument
|z Exemplář z Národní knihovny ČR
|
| 903 |
|
|
|a RP
|
| 910 |
|
|
|a NAG950
|b B - XVIII. D. bb. 37,1
|
| 978 |
|
|
|b Schneider, Jan Jiří
|a Praha
|c 1759
|
| 981 |
1 |
|
|a Urtica, Anselm
|c OSB
|d 1736-1767
|
| 982 |
0 |
|
|a Broumov - benediktinský klášter
|
| 984 |
|
|
|a Praha
|b Česko
|
| 985 |
|
|
|a 1751-1800
|
| 990 |
|
|
|a BK
|
| 991 |
|
|
|k broumov
|
| 980 |
|
|
|c 004323
|g B - XVIII. D. bb. 37,1
|1 458950004323
|